000 004510000a22001930004500
999 _c49014
_d49014
001 1860
003 CO-MdFUSB
005 20170719154928.0
008 170719b xxu||||| |||| 00| 0 eng d
020 _a968-16-5875-2
040 _cCO-MdBIC
082 0 4 _a863C Al119c
100 1 _aIsol
245 1 0 _aCosas que pasan / Texto e ilustraciones de Isol
260 _aMéxico : FCE
300 _a27 P.
650 1 4 _aLiteratura Infanil
942 _cLGB